000 00641nam a2200193 a 4500
001 000022099
005 20200930011600.0
008 100916s|||| ec r 000 |bspa d
040 _aDO-SdBNP
_bspa
_cBNPHU
082 _axxx
_bS127R
100 1 _aRumazo G., Alfonso
_945789
245 1 0 _aManuela Saenz :
_bla libertadora del libertador /
_cAlfonso Rumazo G.; introducción de Hernán Rodríguez Castelo.
260 _aQuito :
_bPublicaciones Educativas Ariel,
_c[s.l.].
300 _a154 p. :
_bil. ;
_c18 cm.
490 _aClásico;
_v32
700 1 _aRodríguez Castelo, Hernán
_vintrod.
_94689
834 _aClásico;
_v32
049 _aBNGR
999 _c21597
_d21597